Mediálne správanie slovenského spotrebiteľa

Uložené v:
Podrobná bibliografia
Hlavný autor: Labská, Helena
Médium: Kapitola
Jazyk:Slovak
Tagy: Pridať tag
Žiadne tagy, Buďte prvý, kto otaguje tento záznam!

MARC

LEADER 00000naa$a2200000$$$4500
001 0064597
005 20240502071746.2
041 0 |a slo 
044 |a SK 
245 1 0 |a Mediálne správanie slovenského spotrebiteľa  |c Helena Labská 
100 1 |a Labská, Helena